[Event "Championnat de la Loire Open"]
[Site "SAINT-ETIENNE"]
[Date "2003.01.11"]
[Round "1.1"]
[White "Doran, Niall"]
[Black "Pupier, Terry"]
[Result "0-1"]
[WhiteElo "1470"]
[BlackElo "1780"]
[PlyCount "94"]
[EventDate "2003.??.??"]

1. e4 c5 2. c3 e6 3. d4 cxd4 4. cxd4 Nf6 5. Bd3 Qb6 6. Nf3 Nc6 7. Be3 Qxb2 8.
Nbd2 Nb4 9. Nc4 Nxd3+ 10. Kf1 Qb5 11. Qxd3 Nxe4 12. Rb1 Qf5 13. Ke2 b5 14. Na3
Ba6 15. Rhc1 Nc3+ 16. Rxc3 Qxd3+ 17. Rxd3 b4 18. Nc2 Bxd3+ 19. Kxd3 a5 20. Bf4
Rc8 21. Bd2 f6 22. Rc1 Kf7 23. Ne3 Rxc1 24. Bxc1 Be7 25. Nc4 Ra8 26. Nb6 Ra7
27. Nc8 Rc7 28. Nxe7 Rxc1 29. Kd2 Rc7 30. Kd3 Kxe7 31. Nd2 d5 32. Nb3 Rc3+ 33.
Kd2 a4 34. Nc5 Ra3 35. Nd3 Rxa2+ 36. Kc1 b3 37. Kb1 Re2 38. g4 a3 39. h4 a2+
40. Ka1 Rd2 41. Nc5 Rd1+ 42. Kb2 a1=Q+ 43. Kxb3 Rb1+ 44. Kc2 Qb2+ 45. Kd3 Rd1+
46. Ke3 Qd2+ 47. Kf3 Rf1 0-1

[Event "Championnat de la Loire Open"]
[Site "SAINT-ETIENNE"]
[Date "2003.01.11"]
[Round "1.2"]
[White "Valet, Godeffroy"]
[Black "Bourgin, Christian"]
[Result "1-0"]
[WhiteElo "1750"]
[BlackElo "1440"]
[PlyCount "59"]
[EventDate "2003.??.??"]

1. e4 c5 2. Nc3 Nc6 3. Bc4 e6 4. d3 Nf6 5. f4 d6 6. Nf3 Bd7 7. O-O Na5 8. Bb5
Bxb5 9. Nxb5 Qb6 10. Nc3 Ng4 11. Kh1 c4 12. d4 Nc6 13. h3 h5 14. Ne2 Nf6 15.
Ng5 Be7 16. f5 Nd8 17. c3 O-O 18. Ng3 g6 19. fxg6 fxg6 20. Nf3 Nh7 21. Bh6 Rf7
22. Qd2 Qb5 23. e5 Bf8 24. Bxf8 Rxf8 25. exd6 Qd5 26. Ne5 Nc6 27. Nxg6 Rxf1+
28. Rxf1 Qxd6 29. Qf2 e5 30. Qf7# 1-0

[Event "Championnat de la Loire Open"]
[Site "SAINT-ETIENNE"]
[Date "2003.01.11"]
[Round "1.3"]
[White "Trottet, Francois"]
[Black "Gaillard, Pierre"]
[Result "1-0"]
[WhiteElo "1440"]
[BlackElo "1710"]
[PlyCount "103"]
[EventDate "2003.??.??"]

1. e4 c5 2. Nf3 e6 3. d4 cxd4 4. Nxd4 Nc6 5. Nc3 Nf6 6. a3 d6 7. Be2 a6 8. Be3
Be7 9. O-O O-O 10. f4 Bd7 11. Bf3 Qc7 12. Nde2 Rad8 13. Ng3 Bc8 14. Rf2 Na5 15.
b3 d5 16. e5 Qxc3 17. Bd4 Qc7 18. exf6 Bxf6 19. Bxf6 gxf6 20. Nh5 Qe7 21. Be4
f5 22. Bd3 f6 23. Rf3 Kh8 24. Qd2 Nc6 25. c3 Rg8 26. Rh3 e5 27. fxe5 fxe5 28.
Rg3 d4 29. Rxg8+ Rxg8 30. Ng3 e4 31. Qe1 Qg7 32. Bc4 Rd8 33. cxd4 Qxd4+ 34. Kh1
Ne5 35. Bf1 b5 36. Ne2 Qe3 37. Qh4 Rd2 38. Qf6+ Kg8 39. Qxe5 Bd7 40. Ng3 f4 41.
Qg5+ Kf7 42. Nh5 Qd4 43. Qxf4+ Kg6 44. Re1 Bc6 45. Ng3 Rf2 46. Qg4+ Kf7 47.
Qh5+ Ke6 48. Qxh7 e3 49. Qh6+ Kd7 50. Qxe3 Qd2 51. Qd3+ Kc7 52. Qxd2 1-0

[Event "Championnat de la Loire Open"]
[Site "SAINT-ETIENNE"]
[Date "2003.01.11"]
[Round "1.4"]
[White "Treveys, Maxime"]
[Black "Bazoux, Sebastien"]
[Result "1-0"]
[WhiteElo "1680"]
[BlackElo "1430"]
[PlyCount "137"]
[EventDate "2003.??.??"]

1. d4 Nf6 2. c4 g6 3. Nc3 Bg7 4. Nf3 d6 5. g3 Nbd7 6. Bg2 O-O 7. O-O Re8 8. e4
e5 9. d5 b6 10. Bg5 h6 11. Bd2 Nc5 12. Qc2 a5 13. a3 Bg4 14. h3 Bxf3 15. Bxf3
Qc8 16. Be2 Rf8 17. b4 axb4 18. axb4 Ncd7 19. Rxa8 Qxa8 20. Na4 Rc8 21. Ra1 Qb7
22. c5 bxc5 23. bxc5 dxc5 24. Nxc5 Nxc5 25. Qxc5 Bf8 26. Qc1 Kh7 27. Rb1 Qa8
28. Rb3 Qa4 29. Qc2 Bd6 30. Rc3 Qd7 31. Qc1 h5 32. Bg5 Ne8 33. Kh2 f6 34. Be3
Ng7 35. Qc2 Qb5 36. Bc5 Qd7 37. Bxd6 Qxd6 38. Rc6 Qe7 39. h4 Ne8 40. Qb3 Rd8
41. Bf1 Rd6 42. Bb5 Rxc6 43. Bxc6 Nd6 44. f3 Qd8 45. Qb1 Qc8 46. Qd3 Kg7 47.
Kg2 Qb8 48. f4 exf4 49. gxf4 Qb2+ 50. Kh3 Qb4 51. e5 Ne4 52. Qf3 Qc3 53. Qxc3
Nxc3 54. Kg3 Kf7 55. Kf3 Na2 56. d6 cxd6 57. Bd5+ Ke7 58. exd6+ Kxd6 59. Bxa2
Ke7 60. Bb1 Kf7 61. Ba2+ Kg7 62. Ke4 Kh6 63. Kd5 g5 64. hxg5+ fxg5 65. f5 Kg7
66. Ke6 Kf8 67. Kf6 g4 68. Kg5 g3 69. Bd5 1-0

[Event "Championnat de la Loire Open"]
[Site "SAINT-ETIENNE"]
[Date "2003.01.11"]
[Round "1.5"]
[White "Mottet, Bertrand"]
[Black "Roncin, Cesar"]
[Result "0-1"]
[WhiteElo "1430"]
[BlackElo "1670"]
[PlyCount "48"]
[EventDate "2003.??.??"]

1. c4 g6 2. Nc3 Bg7 3. g3 Nf6 4. Bg2 O-O 5. Nf3 d6 6. O-O e5 7. d4 Nc6 8. dxe5
dxe5 9. Nd5 Be6 10. Bg5 Bxd5 11. cxd5 Qxd5 12. Nd2 Qb5 13. b3 h6 14. Be3 Ng4
15. a4 Qb4 16. Rc1 Nxe3 17. fxe3 Rad8 18. Rc2 Na5 19. Qc1 c6 20. Nc4 Nxb3 21.
Qb1 Qxa4 22. Rf3 Qa1 23. Rb2 Rd1+ 24. Rf1 Rxb1 0-1

[Event "Championnat de la Loire Open"]
[Site "SAINT-ETIENNE"]
[Date "2003.01.11"]
[Round "1.6"]
[White "Vier, Serge"]
[Black "Langlade, Remi"]
[Result "1-0"]
[WhiteElo "1650"]
[BlackElo "1410"]
[PlyCount "79"]
[EventDate "2003.??.??"]

1. d4 d5 2. c4 e6 3. Nc3 c6 4. Nf3 f6 5. cxd5 cxd5 6. Bf4 Nc6 7. e3 h5 8. h3
Qb6 9. Qb3 g5 10. Qxb6 axb6 11. Bc7 Nb4 12. Kd2 Nc6 13. Bd3 Nge7 14. Bxb6 Kf7
15. h4 Bh6 16. hxg5 Bxg5 17. Rh2 Nf5 18. g4 Nd6 19. gxh5 Nb4 20. Nxg5+ fxg5 21.
Bc5 Nxd3 22. Kxd3 Ke7 23. Nb5 Bd7 24. Nxd6 Kf6 25. a3 e5 26. dxe5+ Kxe5 27.
Nf7+ Ke6 28. Nxh8 Rxh8 29. Rg1 Kf5 30. Bd4 Bb5+ 31. Kd2 Rc8 32. h6 Ba4 33. Bc3
Rh8 34. Bxh8 Ke4 35. h7 d4 36. Bxd4 g4 37. h8=Q Kf3 38. Qf6+ Ke4 39. Qe5+ Kf3
40. Rg3# 1-0

[Event "Championnat de la Loire Open"]
[Site "SAINT-ETIENNE"]
[Date "2003.01.11"]
[Round "1.7"]
[White "Vergiat, Nicolas"]
[Black "Chabas, Jean-Luc"]
[Result "0-1"]
[WhiteElo "1399"]
[BlackElo "1630"]
[PlyCount "66"]
[EventDate "2003.??.??"]

1. e4 c6 2. Nf3 d5 3. d4 dxe4 4. Nfd2 Nf6 5. Nc3 Bf5 6. Bc4 Qxd4 7. O-O e6 8.
Qe1 Bd6 9. g3 Nbd7 10. Qe2 Ne5 11. Re1 Nxc4 12. Nxc4 Bc7 13. Rd1 Qc5 14. Be3
Qe7 15. h3 Bxh3 16. Bg5 Bf5 17. Rd2 h6 18. Bh4 g5 19. g4 Bxg4 20. Qe3 Bf4 21.
Qd4 Bxd2 22. Qxd2 Rd8 23. Qe3 gxh4 24. Na5 c5 25. Nxe4 Nxe4 26. Qxe4 Bf5 27.
Qxb7 Qxb7 28. Nxb7 Rg8+ 29. Kf1 Rd2 30. Rc1 h3 31. c3 h2 32. Ke1 Rxb2 33. Rd1
h1=Q# 0-1

[Event "Championnat de la Loire Open"]
[Site "SAINT-ETIENNE"]
[Date "2003.01.11"]
[Round "1.8"]
[White "Minchilli, Franco"]
[Black "Vinot, Raoul"]
[Result "0-1"]
[WhiteElo "1600"]
[BlackElo "1390"]
[PlyCount "136"]
[EventDate "2003.??.??"]

1. d4 d5 2. Nf3 Nf6 3. Bg5 e6 4. Nc3 Be7 5. e3 O-O 6. Bd3 Nbd7 7. O-O b6 8. a4
c5 9. Re1 c4 10. Bf1 h6 11. Bh4 g5 12. Bg3 Bb4 13. Ne5 Bb7 14. Ng4 Kh7 15. f3
h5 16. Ne5 h4 17. Nxd7 Nxd7 18. Bf2 Kg6 19. f4 f5 20. h3 Nf6 21. fxg5 Kxg5 22.
Re2 Bd6 23. Qe1 Rh8 24. Qd2 Kg6 25. b3 Bb4 26. e4 Nxe4 27. Rxe4 dxe4 28. bxc4
Qf6 29. Rb1 Bxc3 30. Qxc3 Rab8 31. Rb3 f4 32. Be2 e3 33. Be1 Qg5 34. Qd3+ Kf6
35. d5 Kf7 36. Bf3 Rbd8 37. Rb5 e5 38. Bg4 Rhe8 39. Qf5+ Qxf5 40. Bxf5 Kf6 41.
Be4 Rc8 42. Bxh4+ Kg7 43. a5 Rxc4 44. axb6 a6 45. Bd3 axb5 46. Kf1 Rd4 47. Bxb5
Ra8 48. Ke2 Bxd5 49. Bd3 f3+ 50. gxf3 Rxh4 51. Kxe3 Rxh3 52. Be2 Ra3+ 53. Kf2
Bxf3 54. Bd3 Bb7 55. Ke1 e4 56. Bb5 Kf6 57. Kd2 Rh2+ 58. Kc1 e3 59. Kb2 Ra5 60.
Bc4 e2 61. Bxe2 Rxe2 62. Kb3 Re4 63. c4 Bc6 64. Kb4 Ra4+ 65. Kc5 Raxc4+ 66. Kd6
Red4+ 67. Kc7 Ba8+ 68. Kb8 Rd8+ 0-1

[Event "Championnat de la Loire Open"]
[Site "SAINT-ETIENNE"]
[Date "2003.01.11"]
[Round "1.9"]
[White "Gerey, Jean-Pierre"]
[Black "Gidon, Rene"]
[Result "0-1"]
[WhiteElo "1340"]
[BlackElo "1550"]
[PlyCount "31"]
[EventDate "2003.??.??"]

1. e4 e5 2. Nf3 Nc6 3. Nc3 Nf6 4. Bc4 Be7 5. d3 d6 6. Qe2 O-O 7. Be3 Na5 8. d4
exd4 9. Bxd4 Nxc4 10. Qxc4 Be6 11. Qd3 c6 12. O-O Qc7 13. e5 Ng4 14. Ne2 dxe5
15. Bc3 Rad8 16. Qe3 0-1

[Event "Championnat de la Loire Open"]
[Site "SAINT-ETIENNE"]
[Date "2003.01.11"]
[Round "1.10"]
[White "Pareux, Marc"]
[Black "Goudet, Maxence"]
[Result "1-0"]
[WhiteElo "1540"]
[BlackElo "1299"]
[PlyCount "63"]
[EventDate "2003.??.??"]

1. d4 d5 2. e4 e6 3. Be3 Bd6 4. e5 Be7 5. f4 Nc6 6. Nf3 Nh6 7. Nbd2 O-O 8. c3
f5 9. exf6 Rxf6 10. Bd3 Ng4 11. Qe2 Rh6 12. O-O-O a5 13. h3 Nxe3 14. Qxe3 Qf8
15. Rdf1 a4 16. Ng5 g6 17. Nxe6 Bxe6 18. Qxe6+ Kg7 19. Qxd5 a3 20. b3 Rh5 21.
Qf3 Na5 22. g4 Rb5 23. Bxb5 c6 24. Bd3 b6 25. f5 Nxb3+ 26. Nxb3 c5 27. dxc5
bxc5 28. Kc2 Qd8 29. fxg6 hxg6 30. Qf7+ Kh8 31. Qxg6 Qd5 32. Qh7# 1-0

[Event "Championnat de la Loire Open"]
[Site "SAINT-ETIENNE"]
[Date "2003.01.11"]
[Round "1.11"]
[White "Mialon, Franck"]
[Black "Valour, Brice"]
[Result "1-0"]
[WhiteElo "1280"]
[BlackElo "1530"]
[PlyCount "59"]
[EventDate "2003.??.??"]

1. e4 d6 2. d4 Nf6 3. Nc3 g6 4. Bd3 Bg7 5. Nd5 Nbd7 6. Nf3 c5 7. c3 cxd4 8.
cxd4 Nxd5 9. exd5 Qa5+ 10. Bd2 Qxd5 11. O-O O-O 12. b3 Nb6 13. Bc3 Qc6 14. Rc1
Qd7 15. d5 Bxc3 16. Rxc3 Nxd5 17. Rc4 Nf6 18. Rh4 Qg4 19. Rxg4 Nxg4 20. h3 Nf6
21. Qa1 e5 22. Bc4 d5 23. Qxe5 Nd7 24. Qxd5 Nb6 25. Qd4 Bf5 26. Qf6 Nd7 27. Qe7
Rae8 28. Bxf7+ Rxf7 29. Qxe8+ Rf8 30. Qe7 1-0

[Event "Championnat de la Loire Open"]
[Site "SAINT-ETIENNE"]
[Date "2003.01.11"]
[Round "1.12"]
[White "Benchegra, Mohamed"]
[Black "Bruyas, Benjamin"]
[Result "1-0"]
[WhiteElo "1499"]
[BlackElo "1230"]
[PlyCount "49"]
[EventDate "2003.??.??"]

1. e4 e5 2. Nf3 Nc6 3. Bb5 Nf6 4. d3 d6 5. Nc3 Bg4 6. a3 g6 7. h3 Bxf3 8. gxf3
Bg7 9. Bg5 O-O 10. Qd2 Nd4 11. O-O-O Nxf3 12. Qe3 Nd4 13. Bc4 Qd7 14. f4 c6 15.
Rdf1 Rfe8 16. Ne2 Nxe2+ 17. Qxe2 b5 18. Bb3 Nh5 19. Qg2 h6 20. Bxh6 Bxh6 21.
Qxg6+ Ng7 22. Qxh6 d5 23. Rhg1 f6 24. exd5 Re7 25. dxc6+ 1-0

[Event "Championnat de la Loire Open"]
[Site "SAINT-ETIENNE"]
[Date "2003.01.11"]
[Round "1.13"]
[White "Gerey, Bernard"]
[Black "Breinl, Alix"]
[Result "1/2-1/2"]
[WhiteElo "1210"]
[BlackElo "1499"]
[PlyCount "108"]
[EventDate "2003.??.??"]

1. e4 d6 2. d4 Nf6 3. Nc3 g6 4. Nf3 Bg7 5. Bd3 O-O 6. O-O Re8 7. Re1 e5 8. Bg5
Bd7 9. dxe5 dxe5 10. Nd5 Re6 11. Bc4 Rd6 12. Nxf6+ Bxf6 13. Bxf6 Qxf6 14. Qc1
Nc6 15. Rd1 Rxd1+ 16. Qxd1 Rd8 17. h3 Bxh3 18. Qc1 Be6 19. Bxe6 Qxe6 20. Qh6
Qf6 21. Qg5 Qxg5 22. Nxg5 Rd2 23. Rc1 Nd4 24. Kf1 Rxf2+ 25. Kxf2 c5 26. Nf3 f6
27. Nxd4 cxd4 28. Rd1 b5 29. c3 Kf7 30. cxd4 exd4 31. Rxd4 Ke6 32. Rd5 a6 33.
Kf3 f5 34. g4 fxe4+ 35. Kxe4 h6 36. Re5+ Kf6 37. Kd5 a5 38. Re6+ Kg5 39. Re4 h5
40. gxh5 Kxh5 41. Re6 g5 42. Re5 Kh4 43. Rxg5 Kxg5 44. Kc5 b4 45. Kc4 Kf4 46.
a4 bxa3 47. bxa3 Ke5 48. Kb5 a4 49. Kxa4 Kd6 50. Kb5 Kc7 51. a4 Kb7 52. a5 Ka7
53. a6 Ka8 54. Kb6 Kb8 1/2-1/2

[Event "Championnat de la Loire Open"]
[Site "SAINT-ETIENNE"]
[Date "2003.01.11"]
[Round "1.14"]
[White "Cayuela-Mosch, Renate"]
[Black "Adamus, Jeremy"]
[Result "0-1"]
[WhiteElo "1499"]
[BlackElo "1199"]
[PlyCount "72"]
[EventDate "2003.??.??"]

1. e4 e5 2. Nf3 Nc6 3. Bc4 Bc5 4. O-O Nf6 5. Nc3 d6 6. Kh1 Bg4 7. d3 Nd4 8. Nd5
c6 9. Nxf6+ Qxf6 10. Bg5 Qg6 11. Qd2 Bxf3 12. gxf3 Nxf3 13. Qc1 Qxg5 14. Qxg5
Nxg5 15. Rg1 h6 16. Rg2 g6 17. Rf1 Nf3 18. Rg3 Nd2 19. Re1 Nxc4 20. dxc4 Bxf2
21. Rge3 Bxe3 22. Rxe3 Kd7 23. Rd3 f5 24. c5 d5 25. exd5 e4 26. Rd4 Rae8 27.
dxc6+ Kxc6 28. b4 e3 29. a4 e2 30. Rd6+ Kc7 31. b5 e1=Q+ 32. Kg2 Re2+ 33. Kh3
Qf2 34. b6+ axb6 35. cxb6+ Kxd6 36. a5 Qxh2# 0-1

[Event "Championnat de la Loire Open"]
[Site "SAINT-ETIENNE"]
[Date "2003.01.11"]
[Round "1.15"]
[White "Borron, Herve"]
[Black "Faure, Patrice"]
[Result "1-0"]
[WhiteElo "1180"]
[BlackElo "1499"]
[PlyCount "77"]
[EventDate "2003.??.??"]

1. e4 e5 2. Nf3 Nc6 3. Nc3 Nf6 4. Bc4 a6 5. O-O Be7 6. d3 O-O 7. Be3 b5 8. Bb3
Bb7 9. Re1 d6 10. d4 Ng4 11. Bd5 Qd7 12. h3 Nf6 13. dxe5 Nxd5 14. Nxd5 Nxe5 15.
Nxe5 dxe5 16. Nf6+ Bxf6 17. Qxd7 Bxe4 18. Qxc7 Rac8 19. Qb6 Rc6 20. Qa5 Bd8 21.
Qb4 Bxc2 22. Rac1 Rc4 23. Qd6 Bc7 24. Qxa6 Rb8 25. Re2 Bd3 26. Rxc4 bxc4 27.
Rd2 e4 28. Qc6 Ba5 29. Rd1 h6 30. Bd2 Bb6 31. Be3 Ba5 32. f3 exf3 33. gxf3 Kh7
34. Qd5 f6 35. Qxa5 Rxb2 36. Bd4 Rc2 37. a4 Be2 38. Re1 Bxf3 39. Qf5+ 1-0

[Event "Championnat de la Loire Open"]
[Site "SAINT-ETIENNE"]
[Date "2003.01.11"]
[Round "1.16"]
[White "Mathieu, Jacques"]
[Black "Vinot, Sebastien"]
[Result "1-0"]
[WhiteElo "1499"]
[BlackElo "1150"]
[PlyCount "69"]
[EventDate "2003.??.??"]

1. e4 e5 2. Nf3 Nc6 3. d3 Nf6 4. a3 Bc5 5. Bg5 d6 6. h3 Be6 7. Nc3 a6 8. Be2
O-O 9. Qd2 h6 10. Be3 Bxe3 11. Qxe3 d5 12. exd5 Bxd5 13. O-O Bxf3 14. Bxf3 Nd4
15. Rac1 c6 16. Ne2 Re8 17. Be4 Qb6 18. b4 a5 19. c3 axb4 20. axb4 c5 21. bxc5
Qxc5 22. cxd4 Qa3 23. Qf3 Nxe4 24. dxe4 Qxf3 25. gxf3 Ra3 26. Kg2 Ra4 27. dxe5
Rxe5 28. Nc3 Rg5+ 29. Kh2 Ra3 30. Rg1 Re5 31. Kg3 Rg5+ 32. Kh2 Re5 33. f4 Rea5
34. Nd5 Kf8 35. Rc8# 1-0

[Event "Championnat de la Loire Open"]
[Site "SAINT-ETIENNE"]
[Date "2003.01.11"]
[Round "1.17"]
[White "Veyrat, Gerard"]
[Black "Barthelemy, Jerome"]
[Result "0-1"]
[WhiteElo "1130"]
[BlackElo "1480"]
[PlyCount "96"]
[EventDate "2003.??.??"]

1. d4 d5 2. c4 dxc4 3. Nc3 e6 4. e4 Bb4 5. Bxc4 c5 6. Be3 Nc6 7. dxc5 Qxd1+ 8.
Rxd1 Nf6 9. f3 O-O 10. Nge2 Nd7 11. a3 Bxc5 12. Bxc5 Nxc5 13. b4 Nd7 14. O-O
Nde5 15. Bb3 a6 16. Rd2 b5 17. Rfd1 Bb7 18. f4 Ng4 19. h3 Nf6 20. e5 Nd5 21.
Nxd5 exd5 22. Nd4 Nxd4 23. Rxd4 g6 24. Bxd5 Bxd5 25. Rxd5 Rfc8 26. R1d3 Kf8 27.
g4 Ke8 28. Kf2 Rd8 29. Ke3 Rxd5 30. Rxd5 Rc8 31. Rd3 Rc4 32. f5 gxf5 33. gxf5
Rh4 34. Kf2 Rh5 35. Rf3 Ke7 36. Kg3 Rg5+ 37. Kh4 h6 38. f6+ Ke6 39. Re3 Rxe5
40. Rxe5+ Kxe5 41. Kh5 Kxf6 42. Kxh6 Ke6 43. h4 f5 44. Kg6 f4 45. Kg5 f3 46. h5
f2 47. h6 f1=Q 48. h7 Qf6+ 0-1

[Event "Championnat de la Loire Open"]
[Site "SAINT-ETIENNE"]
[Date "2003.01.11"]
[Round "1.18"]
[White "Bion, Nicolas"]
[Black "Vinot, Alexandre"]
[Result "1-0"]
[WhiteElo "1470"]
[BlackElo "1009"]
[PlyCount "31"]
[EventDate "2003.??.??"]

1. d4 e6 2. e4 Nf6 3. Bd3 Nc6 4. c3 d5 5. e5 Ng8 6. Nf3 f6 7. exf6 gxf6 8. O-O
Bh6 9. Bxh6 Nxh6 10. Re1 e5 11. dxe5 Ng8 12. exf6+ Nge7 13. fxe7 Nxe7 14. Ng5
h6 15. Qh5+ Kf8 16. Qf7# 1-0

[Event "Championnat de la Loire Open"]
[Site "SAINT-ETIENNE"]
[Date "2003.02.08"]
[Round "2.2"]
[White "Mathieu, Jacques"]
[Black "Valet, Godeffroy"]
[Result "1/2-1/2"]
[WhiteElo "1499"]
[BlackElo "1750"]
[PlyCount "95"]
[EventDate "2003.??.??"]

1. d4 d5 2. c4 e5 3. e3 exd4 4. exd4 dxc4 5. Bxc4 Bb4+ 6. Nc3 Ne7 7. Nf3 Bg4 8.
O-O O-O 9. Bg5 Nbc6 10. Nd5 Qd7 11. Nxe7+ Bxe7 12. Bxe7 Nxe7 13. h3 Bxf3 14.
Qxf3 Qxd4 15. b3 c6 16. Rad1 Qc5 17. Rc1 Qf5 18. Qg3 Rfd8 19. Rcd1 Qh5 20.
Rxd8+ Rxd8 21. Qc7 Re8 22. Re1 Kf8 23. Qxb7 Qa5 24. Re2 Qb6 25. Qd7 a5 26. a4
Qd8 27. Qxd8 Rxd8 28. g4 Ng6 29. Re4 Nh4 30. Kh2 Re8 31. Rxe8+ Kxe8 32. Kg3 Ng6
33. f4 f6 34. h4 c5 35. h5 Nf8 36. Kf3 Ke7 37. Ke4 Kd6 38. g5 fxg5 39. fxg5 Ne6
40. Bxe6 Kxe6 41. h6 g6 42. Kd3 Kd5 43. Kc3 Kc6 44. Kd3 Kd5 45. Kc3 Kd6 46. Kc4
Kc6 47. Kd3 Kd5 48. Kc3 1/2-1/2

[Event "Championnat de la Loire Open"]
[Site "SAINT-ETIENNE"]
[Date "2003.02.08"]
[Round "2.3"]
[White "Barthelemy, Jerome"]
[Black "Treveys, Maxime"]
[Result "0-1"]
[WhiteElo "1480"]
[BlackElo "1680"]
[PlyCount "72"]
[EventDate "2003.??.??"]

1. c4 c5 2. Nf3 Nc6 3. d4 cxd4 4. Nxd4 g6 5. e4 Bg7 6. Be3 Nf6 7. Nc3 O-O 8.
Be2 a6 9. O-O Qc7 10. Qd2 Rd8 11. Rad1 d6 12. h3 Ne5 13. b3 Ned7 14. f4 Nc5 15.
Bf3 Bd7 16. f5 Rab8 17. fxg6 hxg6 18. g4 Kh7 19. Kg2 Rh8 20. Rh1 Bc6 21. Qc2
Nfd7 22. Nxc6 bxc6 23. Qd2 Ne6 24. h4 Ne5 25. h5 g5 26. Ne2 Bh6 27. Ng3 f6 28.
Nf5 Nxf3 29. Kxf3 Rbd8 30. Qd3 Rhg8 31. Ng3 Qa5 32. e5+ Kh8 33. exf6 exf6 34.
Nf5 Kh7 35. Ne7+ Kh8 36. Nxg8 Rxg8 0-1

[Event "Championnat de la Loire Open"]
[Site "SAINT-ETIENNE"]
[Date "2003.02.08"]
[Round "2.4"]
[White "Roncin, Cesar"]
[Black "Bion, Nicolas"]
[Result "0-1"]
[WhiteElo "1670"]
[BlackElo "1470"]
[PlyCount "70"]
[EventDate "2003.??.??"]

1. e4 e6 2. d4 d5 3. Nc3 a6 4. e5 Ne7 5. f4 Nf5 6. Nf3 Be7 7. Bd3 Bh4+ 8. Ke2
Nc6 9. Bxf5 exf5 10. Nxh4 Qxh4 11. Nxd5 Qd8 12. c4 Be6 13. Nxc7+ Qxc7 14. d5
Rd8 15. Qa4 Bd7 16. dxc6 Bxc6 17. Qc2 Be4 18. Qa4+ b5 19. cxb5 Bd3+ 20. Ke1
axb5 21. Qb3 Bc4 22. Qc2 Rd4 23. Be3 Re4 24. Kf2 Qb7 25. b3 Be6 26. Rac1 O-O
27. Rhd1 h6 28. g3 g5 29. fxg5 hxg5 30. Bxg5 Rxe5 31. Qc3 Qa7+ 32. Kf1 Re4 33.
Bh6 f6 34. Bxf8 f4 35. Re1 Bh3# 0-1

[Event "Championnat de la Loire Open"]
[Site "SAINT-ETIENNE"]
[Date "2003.02.08"]
[Round "2.5"]
[White "Vinot, Raoul"]
[Black "Vier, Serge"]
[Result "1/2-1/2"]
[WhiteElo "1390"]
[BlackElo "1650"]
[PlyCount "48"]
[EventDate "2003.??.??"]

1. d4 d5 2. c4 e6 3. Nc3 Nf6 4. Nf3 c6 5. Bg5 Nbd7 6. e3 Qa5 7. c5 Ne4 8. Qc2
Nxg5 9. Nxg5 Nf6 10. Bd3 h6 11. Nf3 Be7 12. O-O O-O 13. a3 Nd7 14. e4 dxe4 15.
Nxe4 Nf6 16. Rfe1 Rd8 17. Nxf6+ Bxf6 18. Re4 Qc7 19. Rd1 Bd7 20. Rg4 e5 21. Bf5
exd4 22. Nxd4 Bxd4 23. Rgxd4 Bxf5 24. Qxf5 Qe7 1/2-1/2

[Event "Championnat de la Loire Open"]
[Site "SAINT-ETIENNE"]
[Date "2003.02.08"]
[Round "2.6"]
[White "Chabas, Jean-Luc"]
[Black "Trottet, Francois"]
[Result "1/2-1/2"]
[WhiteElo "1630"]
[BlackElo "1440"]
[PlyCount "77"]
[EventDate "2003.??.??"]

1. e4 c5 2. Nf3 e6 3. d4 cxd4 4. Nxd4 a6 5. Nc3 Nc6 6. Be3 d6 7. Be2 Nf6 8. a3
Be7 9. O-O Qc7 10. Qe1 O-O 11. f4 Bd7 12. g4 e5 13. Nf5 Bd8 14. Rd1 Bxf5 15.
gxf5 Re8 16. Bd3 Kh8 17. Kh1 Rg8 18. Qf2 Ng4 19. Qf3 Nxe3 20. Qxe3 Bf6 21. Nd5
Qd8 22. c3 exf4 23. Rxf4 Be5 24. Rg4 Bf6 25. Bc4 Ne5 26. Be2 Nxg4 27. Bxg4 Bg5
28. Qf2 Rc8 29. Bf3 f6 30. Qd4 Re8 31. Qb4 b5 32. Qd4 Rc6 33. Qg1 Re5 34. Nb4
Rb6 35. Nd5 Rc6 36. Nb4 Rb6 37. Nd5 Rb7 38. Qf2 a5 39. Qd4 1/2-1/2

[Event "Championnat de la Loire Open"]
[Site "SAINT-ETIENNE"]
[Date "2003.02.08"]
[Round "2.7"]
[White "Gidon, Rene"]
[Black "Mialon, Franck"]
[Result "1-0"]
[WhiteElo "1550"]
[BlackElo "1280"]
[PlyCount "67"]
[EventDate "2003.??.??"]

1. e4 e5 2. Nf3 Nc6 3. Bb5 d6 4. d4 Bg4 5. d5 a6 6. Bxc6+ bxc6 7. dxc6 Ne7 8.
Qd3 Nxc6 9. Bd2 Be7 10. Nc3 Nb4 11. Qc4 Nxc2+ 12. Ke2 Nxa1 13. Rxa1 O-O 14. h3
Be6 15. Nd5 c6 16. Nxe7+ Qxe7 17. Qc2 d5 18. g4 dxe4 19. Ng5 Qb7 20. Qxe4 f5
21. Qxe5 Bc4+ 22. Kd1 c5 23. Kc2 Qd7 24. Qc3 Bb5 25. Rd1 fxg4 26. Be3 Qf5+ 27.
Kc1 gxh3 28. Rh1 Qg4 29. Rxh3 Qg1+ 30. Kc2 Rad8 31. Bd2 Qxf2 32. Rxh7 Qf5+ 33.
Kd1 Rb8 34. Qxg7# 1-0

[Event "Championnat de la Loire Open"]
[Site "SAINT-ETIENNE"]
[Date "2003.02.08"]
[Round "2.8"]
[White "Adamus, Jeremy"]
[Black "Pareux, Marc"]
[Result "0-1"]
[WhiteElo "1199"]
[BlackElo "1540"]
[PlyCount "82"]
[EventDate "2003.??.??"]

1. d4 g6 2. c4 Bg7 3. Nf3 d6 4. Bf4 c5 5. e3 cxd4 6. exd4 Nf6 7. Nc3 O-O 8. Be2
Bd7 9. Qd2 Qb6 10. O-O Bg4 11. h3 Bxf3 12. Bxf3 Nc6 13. Be3 Qa5 14. Rfd1 Rac8
15. Nb5 Qxd2 16. Rxd2 a6 17. Nc3 Na5 18. b3 Nc6 19. Rc1 Ne8 20. Nd5 e5 21. Nb6
Rc7 22. Bxc6 bxc6 23. dxe5 Bxe5 24. Rcd1 Bc3 25. Rd3 Ba5 26. c5 d5 27. Bf4 Rb7
28. Nc8 Bb4 29. Nd6 Nxd6 30. Bxd6 Re8 31. a4 Re2 32. Re3 Rxe3 33. fxe3 Bc3 34.
Rb1 Rb4 35. Kf2 f5 36. Ke2 Re4 37. Kd3 Bb4 38. Rd1 Kf7 39. Ke2 g5 40. Rd4 Ke6
41. Kf3 h5 0-1

[Event "Championnat de la Loire Open"]
[Site "SAINT-ETIENNE"]
[Date "2003.02.08"]
[Round "2.9"]
[White "Breinl, Alix"]
[Black "Borron, Herve"]
[Result "1-0"]
[WhiteElo "1499"]
[BlackElo "1180"]
[PlyCount "95"]
[EventDate "2003.??.??"]

1. d4 d5 2. c4 e6 3. cxd5 exd5 4. Nc3 Nf6 5. Nf3 Bd6 6. e3 O-O 7. Bd3 Nc6 8.
O-O a6 9. Re1 Re8 10. Qc2 g6 11. e4 dxe4 12. Nxe4 Bf5 13. Bg5 Be7 14. Nxf6+
Bxf6 15. Rxe8+ Qxe8 16. Bxf6 Nb4 17. Qxc7 Bxd3 18. Qc3 Nc2 19. Rd1 Bf5 20. d5
Rc8 21. Qd2 Rd8 22. Bxd8 Qxd8 23. d6 Qd7 24. a3 b5 25. Qe2 b4 26. Qe7 bxa3 27.
bxa3 Nxa3 28. Qxd7 Bxd7 29. Ra1 Nc4 30. Rxa6 Kg7 31. Ra7 Nb6 32. Ne5 Be6 33. d7
Nxd7 34. Nxd7 Bxd7 35. Rxd7 h5 36. h4 Kf6 37. f3 Ke6 38. Ra7 f5 39. Kf2 Kf6 40.
Ra6+ Kg7 41. Ke3 Kh6 42. Kf4 Kg7 43. Kg5 Kf7 44. Rxg6 Ke7 45. Kxf5 Kf7 46. Re6
Kg7 47. Re7+ Kf8 48. Ra7 1-0

[Event "Championnat de la Loire Open"]
[Site "SAINT-ETIENNE"]
[Date "2003.02.08"]
[Round "2.10"]
[White "Gaillard, Pierre"]
[Black "Gerey, Bernard"]
[Result "1-0"]
[WhiteElo "1710"]
[BlackElo "1210"]
[PlyCount "63"]
[EventDate "2003.??.??"]

1. e4 c5 2. Nf3 Nc6 3. d4 cxd4 4. Nxd4 Nf6 5. Nc3 d5 6. exd5 Nxd5 7. Ndb5 Nf6
8. Bf4 e5 9. Bg5 Be7 10. Qxd8+ Bxd8 11. Nd6+ Kd7 12. Nxf7 Rf8 13. Nxd8 Kxd8 14.
f4 Re8 15. O-O-O+ Nd4 16. Bb5 Bd7 17. fxe5 Nxb5 18. exf6 gxf6 19. Bxf6+ Kc8 20.
Rhe1 Re6 21. Rxe6 Bxe6 22. Rd8+ Kc7 23. Rxa8 Nxc3 24. Bxc3 Bxa2 25. Be5+ Kb6
26. Bd4+ Ka6 27. b3 b6 28. Kb2 Kb7 29. Rh8 a5 30. Rxh7+ Ka6 31. Kxa2 b5 32.
Ra7# 1-0

[Event "Championnat de la Loire Open"]
[Site "SAINT-ETIENNE"]
[Date "2003.02.08"]
[Round "2.11"]
[White "Conesa, Antoine"]
[Black "Dequidt, Adrien"]
[Result "0-1"]
[WhiteElo "1420"]
[BlackElo "1660"]
[PlyCount "58"]
[EventDate "2003.??.??"]

1. e4 e5 2. Nf3 d6 3. Bc4 c6 4. a3 Be7 5. d3 Nf6 6. h3 d5 7. exd5 cxd5 8. Ba2
Nc6 9. O-O O-O 10. c3 Re8 11. Re1 Qd6 12. b4 a6 13. Bg5 Bf5 14. Qe2 h6 15. Bh4
Nh5 16. Bg3 Nxg3 17. fxg3 e4 18. dxe4 dxe4 19. Nh4 Bh7 20. Qf2 Bf6 21. Nd2 Bxc3
22. Qxf7+ Kh8 23. Rad1 Bxd2 24. Kh1 Qxg3 25. Rf1 Qxh4 26. Qf8+ Rxf8 27. Rxd2
Rxf1+ 28. Kh2 Qf4+ 29. g3 Qxd2# 0-1